Library Banner

India express : (Record no. 89657)

MARC details
000 -LEADER
fixed length control field 00493cam a22001814a 4500
001 - CONTROL NUMBER
control field 15356828
005 - DATE AND TIME OF LATEST TRANSACTION
control field 20161231113644.0
008 - FIXED-LENGTH DATA ELEMENTS--GENERAL INFORMATION
fixed length control field 080707s2008 onc b 001 0 eng
020 ## - INTERNATIONAL STANDARD BOOK NUMBER
International Standard Book Number 9780670064847
020 ## - INTERNATIONAL STANDARD BOOK NUMBER
International Standard Book Number 067006484X
040 ## - CATALOGING SOURCE
Transcribing agency PK-LaUMT
082 00 - DEWEY DECIMAL CLASSIFICATION NUMBER
Classification number 954.053
Item number LAK-I
100 1# - MAIN ENTRY--PERSONAL NAME
Personal name Lak, Daniel
245 10 - TITLE STATEMENT
Title India express :
Remainder of title the future of a new superpower /
Statement of responsibility, etc Daniel Lak
260 ## - PUBLICATION, DISTRIBUTION, ETC. (IMPRINT)
Place of publication, distribution, etc Toronto ;
-- New York :
Name of publisher, distributor, etc Viking Canada,
Date of publication, distribution, etc 2008
300 ## - PHYSICAL DESCRIPTION
Extent xx, 314 p. ;
Dimensions 24 cm.
942 ## - ADDED ENTRY ELEMENTS (KOHA)
Koha item type Books
Holdings
Withdrawn status Lost status Damaged status Home library Current library Date acquired Full call number Barcode Date last seen Price effective from Koha item type
      UMT Main Campus UMT Main Campus 2016-12-31 954.053 LAK-I 104657 2016-12-31 2016-12-31 Books